| 000 | 01248cam a22003378i 4500 | ||
|---|---|---|---|
| 999 |
_c14588 _d14588 |
||
| 001 | 20677005 | ||
| 005 | 20191014113214.0 | ||
| 006 | m |o d | | ||
| 007 | cr_||||||||||| | ||
| 008 | 180920s2019 nju ob 001 0 eng | ||
| 010 | _a 2018045459 | ||
| 020 | _z978-1-119-45750-3 (hardcover) | ||
| 040 |
_aDLC _beng _erda _cDLC |
||
| 042 | _apcc | ||
| 050 | 1 | 0 | _aTK7895.E42 |
| 082 | 0 | 0 |
_aDC 006.22 _22019 _bP337 |
| 100 | 1 |
_aPeckol, James K., _eauthor. _940362 |
|
| 245 | 1 | 0 |
_aEmbedded systems : _ba contemporary design tool / _cJames K. Peckol, Ph.D., University of Washington. |
| 250 | _a2nd edition. | ||
| 260 |
_aNew Jersey : _bJohn Wiley & Sons, Inc., _c©2019. |
||
| 263 | _a1901 | ||
| 300 |
_alxi, 1107 pages : _billustrations ; _c26 cm |
||
| 504 | _aIncludes bibliographical references and index. | ||
| 650 | 0 |
_aEmbedded computer systems. _939825 |
|
| 650 | 0 |
_aObject-oriented methods (Computer science) _92519 |
|
| 776 | 0 | 8 |
_iPrint version: _aPeckol, James K., author. _tEmbedded systems _b2nd edition. _dHoboken, NJ : John Wiley & Sons, Inc., 2019 _z9781119457503 _w(DLC) 2018039258 |
| 365 |
_b13,500.00 _cPhp |
||
| 906 |
_a7 _bcbc _corigcop _d1 _eecip _f20 _gy-gencatlg |
||
| 942 |
_2ddc _cDC |
||